| 000 | 00577nam a2200205Ia 4500 | ||
|---|---|---|---|
| 005 | 20231208105043.0 | ||
| 008 | 131103s9999 xx 000 0 und d | ||
| 020 | _cRs.9 | ||
| 040 | _aLoreto College | ||
| 041 | _aEnglish | ||
| 082 |
_a420.9 _bBAU |
||
| 100 | _aBaugh,Albert C. | ||
| 245 | 2 |
_aA History of the English Language, _cAlbert C.Baugh |
|
| 260 |
_aBombay _bAllied Publishers Private Ltd. _c1968 |
||
| 300 |
_axiii,504 p. _b maps,ill. |
||
| 504 | _aIncludes index and bibliographical references | ||
| 650 | _aEnglish Language | ||
| 850 | _aLCLIB | ||
| 942 | _cBK | ||
| 999 |
_c6978 _d57457 |
||